1784 1867 1201 1033 1677 1478 1748 1005 1267 1421 1246 1227 1597 1427 1241 1762 1528 1368 1482 1631 1104 1837 1035 1567 1515 1259 1604 1283 1368 1398 1064 1634 1789 1320 1403 1429 1059 1359 1108 1398 1914 1385 1144 1720 1379 1122 1278 1035 1757 1338 1307 1667 1032 1462 1952 1764 1518 1384 1818 1175 1221 1640 1052 1567 1030 1970 1672 1704 1663 1845 1027 1480 1757 1208 1968 1771 1682 1689 1085 1544 1160 1454 1150 1536 1324 1427 1988 1898 1772 1319 1491 1928 1502 1907 1873 1704 1965 1865 1315 BCNSPRNW ULIB Ver.6.0+V

เปลี่ยนเป็นภาษาไทย

Change to English
 แสดงรายละเอียดบรรณานุกรม
  กลับหน้าหลัก

Brief Record : Get Marc (ISO 2709) : E-mail record : QR code < ปิดหน้าต่าง
LEADER : 00000nam 2200000uu 4500
001    13399123675
003     ULIB
008    141105s2555||||th 000 0 tha d
020    ^a9786167070919
060    ^aWQ200^bน418ค
100 0  ^aนันทนา ธนาโนวรรณ
245 10 ^aความรุนแรงต่อสตรีตั้งครรภ์ /^cนันทนา ธนาโนวรรณ
246 30 ^aViolence against pregnant women
260    ^aกรุงเทพฯ :^bวี.พริ้นท์,^c2555.
300    ^a104 หน้า :^bภาพประกอบ
536    ^aสนับสนุนโดยสำนักงานคณะกรรมการการอุดมศึกษา
536    ^aสนับสนุนโดยสำนักงานกองทุนสนับสนุนการวิจัย
650  7 ^aความรุนแรงในคู่สมรส
650  7 ^aความรุนแรงในครอบครัว
650  7 ^aการทำร้ายร่างกายผู้อื่น
650  7 ^aสตรีตั้งครรภ์
710 2  ^aสำนักงานคณะกรรมการการอุดมศึกษา
710 2  ^aสำนักงานกองทุนสนับสนุนการวิจัย
945    ^p120^l0^i036697
945    ^p120^l0^i036698
945    ^p120^l0^i036699
945    ^p120^l0^i037355
999    ^aเกษร โพธิ์สุวรรณ
รายการนี้ยังไม่มีแท็ก
คุณยังไม่ได้ล็อกอิน คุณสามารถมีกิจกรรมร่วมกับเว็บไซต์ได้ แต่ต้องล็อกอินก่อน ::
  ล็อกอิน

รายการสื่อสารสนเทศ

ลำดับที่ ประเภท เลขเรียก/บาร์โค้ด สถานที่ สถานะ
1. วิทยาศาสตร์การแพทย์ และสุขภาพ
หนังสือสำรอง
สถานะ=หนังสือสำรอง
WQ200 น418ค ฉ.1 
  Barcode: 036697
ห้องสมุดวิทยาเขตสวรรค์ประชารักษ์
►ส่วนจัดเก็บหนังสือเก่า สปร
บนชั้น
  ขอยืม
2. วิทยาศาสตร์การแพทย์ และสุขภาพ
วิทยาศาสตร์การแพทย์ และสุขภาพ
WQ200 น418ค ฉ.2 
  Barcode: 036698
ห้องสมุดวิทยาเขตสวรรค์ประชารักษ์
►ส่วนจัดเก็บหนังสือเก่า สปร
บนชั้น
  ขอยืม
3. วิทยาศาสตร์การแพทย์ และสุขภาพ
วิทยาศาสตร์การแพทย์ และสุขภาพ
WQ200 น418ค ฉ.3 
  Barcode: 036699
ห้องสมุดวิทยาเขตสวรรค์ประชารักษ์
►ส่วนจัดเก็บหนังสือเก่า สปร
บนชั้น
  ขอยืม
4. วิทยาศาสตร์การแพทย์ และสุขภาพ
วิทยาศาสตร์การแพทย์ และสุขภาพ
WQ200 น418ค ฉ.4 
  Barcode: 037355
ห้องสมุดวิทยาเขตสวรรค์ประชารักษ์
►ส่วนจัดเก็บหนังสือเก่า สปร
บนชั้น
  ขอยืม

รายการใกล้เคียง
    ผู้แต่ง [นันทนา ธนาโนวรรณ]

    หัวเรื่อง [สตรีตั้งครรภ์]

BibComment


ยังไม่เคยถูกคอมเมนท์

คอมเมนท์ทรัพยากรรายการนี้
  คอมเมนท์: ความรุนแรงต่อสตร..


 Copyright 2026. Bcnsprnw @Library